Zborník abstraktov z Medzinárodnej vedeckej konferencie Kapušany 2010 = abstracts of proceedings of the International scientific conference Kapušany 2010 využitie biomasy v poľnohospodárstve a lesníctve na energetické účely = the use biomass in agriculture and forestry for energy purposes : Kapušany 26.-28.10.2010

Guardado en:
Detalles Bibliográficos
Autores Corporativos: Využitie biomasy v poľnohospodárstve a lesníctve na energetické účely. Medzinárodná vedecká konferencia, Ekonomická univerzita v Bratislave. Podnikovohospodárska fakulta so sídlom v Košiciach
Formato: Libro
Lenguaje:eslovaco
inglés
Publicado: Bratislava Vydavateľstvo EKONÓM 2011
Materias:
Etiquetas: Agregar Etiqueta
Sin Etiquetas, Sea el primero en etiquetar este registro!

MARC

LEADER 00000nam a2200000 4500
001 0136074
005 20240104122401.3
020 |a 978-80-225-3243-3 
041 0 |a slo 
041 0 |a eng 
044 |a SK 
245 1 0 |a Zborník abstraktov z Medzinárodnej vedeckej konferencie Kapušany 2010 = abstracts of proceedings of the International scientific conference Kapušany 2010  |b využitie biomasy v poľnohospodárstve a lesníctve na energetické účely = the use biomass in agriculture and forestry for energy purposes : Kapušany 26.-28.10.2010 
264 1 |a Bratislava  |b Vydavateľstvo EKONÓM  |c 2011 
300 |a 31 s. 
610 2 0 |a biomasa 
610 2 0 |a poľnohospodárstvo 
610 2 0 |a lesníctvo 
610 2 0 |a energetika 
610 2 0 |a energia 
110 2 |a Využitie biomasy v poľnohospodárstve a lesníctve na energetické účely. Medzinárodná vedecká konferencia 
710 2 |a Ekonomická univerzita v Bratislave. Podnikovohospodárska fakulta so sídlom v Košiciach